mogging quiz - Statistics

General Stats
  • This quiz has been taken 76 times
  • The average score is 10 of 19
Answer Stats
Hint Answer % Correct
who frame mogged Clav? ASU Frat leader
87%
how do you grow your cheek bones bone smashing
83%
above this Chad
83%
what is the jawline method mewing
83%
CL Chad lite
70%
ltn low tier normie
70%
mtn mid tier normie
70%
htn mid tier normie
70%
what kind of eyes are desired hunter eyes
68%
final form true Adam
66%
sh sub huma
51%
how do you reduce face fat debloat
47%
people saying looksmaxxing doesn't work cope
32%
when someone gets mogged brutal
30%
who does looksmaxxing pull Foids
26%
how to debloat coconut water
23%
what peptide is for maxxers ghkcu
23%
what do you call someone who uses filters to maxx larp
17%
what is the term for a person that starts looksmaxxing ascending
6%
No matching quizzes found
Score Distribution
Percent of People with Each Score
Percentile by Number Answered
Your Score History
You have not taken this quiz